| 000 | 00579cab a2200193 4500 | ||
|---|---|---|---|
| 001 | ABS39194 | ||
| 008 | 090401t1988 xxu||||| |||| 00| 0 eng d | ||
| 035 | _a(Sirsi) u14951 | ||
| 041 | _aeng | ||
| 100 | _aRank, P.M. | ||
| 245 | _aReview of equity and land law | ||
| 260 | _c1988 | ||
| 350 | _a0 | ||
| 490 |
_aSolicitors` Journal _v132(20) 20 May 1988, 725-726(2) |
||
| 520 | _aLooks at developments in the field including perpetuities, equitable interests and adverse possession . Reference to case law throughout. | ||
| 690 | _aLAND | ||
| 942 | _n0 | ||
| 948 | _c04/03/1997 | ||
| 999 |
_c9760 _d9760 |
||